| 000 | 00551nam a2200193 i 4500 | ||
|---|---|---|---|
| 001 | 96100 | ||
| 003 | ES-MaACL | ||
| 005 | 20230906181835.0 | ||
| 007 | t| | ||
| 008 | 050610s1957 ag ||||1| spa d | ||
| 100 | 1 |
_aMadariaga, Salvador de, _d1886-1978 _975292 |
|
| 245 | 1 | 0 |
_aGuerra en la sangre / _cSalvador de Madariaga. |
| 260 |
_aBuenos Aires : _bEditorial Sudamericana, _c1957. |
||
| 300 |
_a367 p. ; _c18 cm. |
||
| 490 | 1 | _aHorizonte | |
| 830 | 0 |
_aHorizonte _9180916 |
|
| 852 |
_aES-MaACL _jC-15570 _bR.43212 |
||
| 999 |
_c96100 _d96100 |
||